000 00299nam a22001337a 4500
008 170615b xxu||||| |||| 00| 0 eng d
020 _a9780023340109
041 _aeng
080 _23RD
_a32
100 _a19
101 _aSHP
245 _aAMERICAN PUBLIC OPINION
_cERIKSON,R.S
942 _2udc
_cBK
999 _c17638
_d17638